书目信息 |
| 题名: |
实用商法
|
|
| 作者: | 房绍坤 , 丁海湖 主编 | |
| 分册: | ||
| 出版信息: | 济南 山东人民出版社 1995 |
|
| 页数: | 398页 | |
| 开本: | 20cm | |
| 丛书名: | 商战法律丛书 | |
| 单 册: | ||
| 中图分类: | D912.290.1 | |
| 科图分类: | ||
| 主题词: | 商法--法学 | |
| 电子资源: | ||
| ISBN: | 7-209-01745-3 | |
| 000 | 00746nam2 2200265 450 | |
| 001 | 0100511601 | |
| 005 | 20100625110850.0 | |
| 010 | @a7-209-01745-3@dCNY15.00 | |
| 011 | @a7-209-01745-3 | |
| 100 | @a20021005d1995 em y0chiy0110 ea | |
| 101 | 0 | @achi |
| 102 | @aCN@b370000 | |
| 105 | @ay z 000yy | |
| 106 | @ar | |
| 200 | 1 | @a实用商法@9Shi Yong Shang Fa @f房绍坤,丁海湖主编@b专著 |
| 210 | @a济南@c山东人民出版社@d1995 | |
| 215 | @a398页@d20cm | |
| 225 | 2 | @a商战法律丛书 |
| 410 | 0 | @12001 @a商战法律丛书 |
| 606 | 0 | @a商法@x法学 |
| 690 | @aD912.290.1@v3 | |
| 701 | 0 | @a房绍坤@f(1962~)@9fang shao kun@4主编 |
| 701 | 0 | @a丁海湖@9ding hai hu@4主编 |
| 801 | 0 | @aCN@bAiZhiMarc@c19950607 |
| 905 | @aBZT@dD912.290.1@e7@f2@sD912.290.1/7 | |
| 实用商法/房绍坤,丁海湖主编.-济南:山东人民出版社,1995 |
| 398页;20cm.-(商战法律丛书) |
| ISBN 7-209-01745-3:CNY15.00 |
| ● |
| 相关链接 |
|
|
|
正题名:实用商法
索取号:D912.290.1/7
 
预约/预借
| 序号 | 登录号 | 条形码 | 馆藏地/架位号 | 状态 | 备注 |
| 1 | 2000150884 | 2000150884 | 旧书回溯/ [索取号:D912.290.1/7] | 在馆 | |
| 2 | 2000151406 | 2000151406 | 旧书回溯/ [索取号:D912.290.1/7] | 在馆 |